|
|
|
|
| LEADER |
00911pam a22002778a 4500 |
| 001 |
00037010 |
| 005 |
20171026081025.0 |
| 008 |
170414s1999 ||||||viesd |
| 041 |
0 |
# |
|a vie
|
| 082 |
1 |
4 |
|a 781.2
|b PH552Đ
|
| 100 |
1 |
# |
|a Cù, Lệ Duyên
|
| 245 |
0 |
0 |
|a Phức Điệu nghiêm khắc
|c Cù Lệ Duyên
|b Sách giáo khoa dành cho sinh viên khoa lý luận sáng tác chỉ huy Bậc đại học
|
| 260 |
# |
# |
|a Hà Nội
|b Âm nhạc
|c 1999
|
| 300 |
# |
# |
|a 132tr.
|c 27cm.
|
| 653 |
# |
# |
|a Phức điệu
|
| 653 |
# |
# |
|a Âm nhạc
|
| 653 |
# |
# |
|a hình thức
|
| 653 |
# |
# |
|a giai điệu
|
| 852 |
# |
# |
|b Kho mượn
|j KM.0020847
|
| 852 |
# |
# |
|j KD.0019867
|j KM.0020847
|j KM.0025121
|
| 852 |
# |
# |
|b Kho đọc
|j KD.0019867
|
| 910 |
|
|
|d 14/04/2017
|
| 980 |
# |
# |
|a Trung tâm Học liệu Lê Vũ Hùng, Trường Đại học Đồng Tháp
|